Rheinlandliga Meister - Statistiken

Allgemein
  • Dieses Quiz wurde 38 mal gespielt
    5 seit der letzten Aktualisierung
  • Das Durchschnittsergebnis liegt bei 6 aus 15
Antwortstatistiken
Saison Meister % Korrekt
2025/26 Ahrweiler BC
60%
2021/22 Ahrweiler BC
60%
2015/16 Rot-Weiss Koblenz
60%
2024/25 Cosmos Koblenz
40%
2022/23 FC Bitburg
40%
2016/17 FV Engers
40%
2023/24 SF Eisbachtal
40%
2018/19 SF Eisbachtal
40%
2020/21 SG Andernach
40%
2019/20 SG Mülheim-Kärlich
40%
2013/14 EGC Wirges
20%
2014/15 FC Karbach
20%
2012/13 SpVgg Burgbrohl
20%
2011/12 SV Mehring
20%
2017/18 TSV Emmelshausen
20%
Keine übereinstimmenden Quizze gefunden
Verteilung der Resultate
Anzahl Personen mit jedem Resultat
Perzentil nach korrekt beantworteten Fragen
Ihre Resultats-Entwicklung
Sie haben dieses Quiz seit der letzten Aktualisierung nicht gespielt